000
00306nam a22001337a 4500
008
170602b xxu||||| |||| 00| 0 eng d
020
_a
9780521415323
041
_a
eng
080
_2
2ND
_a
94(7/8)
100
_a
17
101
_a
SHH
245
_a
PREHISTORY OF THE AMERICAS
_c
FIEDEL, S.J
942
_2
udc
_c
BK
999
_c
15764
_d
15764